| 000 | 00594nam a2200217 a 4500 | ||
|---|---|---|---|
| 001 | 10277 | ||
| 003 | CO-ViMGA | ||
| 008 | 141112s2004 ck r 000 u spa d | ||
| 020 | _a9580434018 | ||
| 040 |
_aCO-ViMGA _bspa _cCO-ViMGA |
||
| 082 | 0 | 4 | _aSCIp |
| 100 | 1 |
_aScieszka, Jon _913457 |
|
| 245 | 1 | 0 | _aEl pirata Barbanegra |
| 260 |
_aSanta Fe de Bogotá, _cNorma, _c1999 |
||
| 300 | _a84.p. | ||
| 490 | _aTorre de papel | ||
| 500 | _aA partir de los siete años. | ||
| 650 | 1 | 4 |
_aCUENTOS INFANTILES ESTADOUNIDENSES _9823 |
| 650 | 1 | 4 |
_aPIRATAS - CUENTOS INFANTILES _913458 |
| 942 |
_2ddc _cBK |
||
| 999 |
_c21646 _d21646 |
||